Animals Starting With A - Statistics

General Stats
  • This quiz has been taken 110 times
    105 since last reset
  • The average score is 7 of 13
Answer Stats
Picture Answer % Correct
Ant
95%
Alpaca
82%
African Bush Elephant
79%
Anteater
79%
Armadillo
79%
Antelope
66%
Arctic Fox
59%
Axolotl
50%
Albatross
49%
Arctic Hare
41%
Alsatian
18%
American Robin
17%
American Pygmy Goat
6%
No matching quizzes found
Score Distribution
Percent of People with Each Score
Percentile by Number Answered
Your Score History
You have not taken this quiz since the last reset